| 000 | 01108nam a22002297a 4500 | ||
|---|---|---|---|
| 005 | 20240305165502.0 | ||
| 007 | cr|||| |||| | ||
| 008 | 180320s2008 mx |||||s||||f00||0 spa d | ||
| 035 | _a21103 | ||
| 040 | _avLex | ||
| 090 |
_c7505 _d7505 |
||
| 245 | 0 | 0 |
_aMemorias Del Seminario: La Ley General de Pesca y Acuacultura Sustentables _h[Recurso electrónico] / |
| 256 | _aServicio en línea | ||
| 260 |
_aCiudad de México: _bCámara de Diputados, _c2008 |
||
| 300 | _a1 recurso electrónico | ||
| 500 | _aPrincipales aportaciones, sus alcances y la adecuación de la legislación. | ||
| 506 | 1 |
_aDisponible solo en los productos indicados _dvLex Global _dvLex Global (Academic Edition, excluding Law Schools) _dvLex Global (U.S. Academic Edition, Law Schools) _dvLex Global (U.S. Academic Edition, excluding Law Schools) _dvLex Global (Academic Edition, Law Schools) |
|
| 650 | 0 | 4 |
_aDerecho Público y Administrativo _zMéxico |
| 740 | 0 | _avLex Libros (Servicio en línea) | |
| 856 | 4 | 0 | _uhttps://app.vlex.com/#/sources/memorias-seminario-ley-general-pesca-acuacultura-sustentables-21103 |
| 942 | _cRAA | ||
| 999 |
_c165743 _d165743 |
||